000 00498nam a2200181Ia 4500
008 240925s9999 xx 000 0 und d
020 _a70411859
082 _a005.7565 BRO
100 _aBrown ,Bradley D.
245 0 _aOracle 8i: web development
250 _aNA
260 _aNew Delhi:
_bTata McGraw Hill
_c,2000.
300 _axxxiv,1070p.
_bNA
_fOriginal
500 _aIncludes Index
600 _aComputer Science
650 _aComputer science, information & general works
942 _cBK
999 _c6641
_d6641